Famous Shared Names Quiz Stats

 Plays Quiz Updated Nov 29, 2011

Also try: Same Last Name II
Challenge
Share
Tweet
Embed
Score 0/33 Timer 03:00
0 Plays Today
Surname 1st Name % Correct
LopezGeorge
98.5%
WayneJohn
98.4%
JacksonMichael
97.5%
HanksTom
96.9%
McCartneyPaul
96.8%
PattinsonRobert
96.4%
CostelloElvis
95%
SandlerAdam
94.7%
SmithWill
94.1%
ClijstersKim
93.4%
NewhartBob
89.1%
NicksStevie
88.3%
ManilowBarry
88.3%
JohanssonScarlett
86.9%
GaborEva
86%
WalkenChristopher
85.4%
GosselinKate
85%
Surname 1st Name % Correct
PicassoPablo
84.9%
RobertsJulia
82.6%
MonroeMarilyn
80.6%
RiversJoan
79.9%
SlaterChristian
78.5%
BeckGlenn
78%
MeadMargaret
77.8%
DavisBette
77.5%
ChesneyKenny
74%
MurphyEddie
73%
BushBarbara
71.4%
RenoJanet
66.7%
ShepardAlan
56.2%
PattersonJames
53.8%
AvalonFrankie
52%
ReedLou
46%

You're not logged in!

Compare scores with friends on all Sporcle quizzes.
Join for Free
OR
Log In

You Might Also Like...

Show Comments

Extras

Top Quizzes Today


Score Distribution

Your Account Isn't Verified!

In order to create a playlist on Sporcle, you need to verify the email address you used during registration. Go to your Sporcle Settings to finish the process.

Report this User

Report this user for behavior that violates our Community Guidelines.

Details: